000
00266nam a2200097 a 4500
005
20200930024303.0
008
110301s1978 000 spa d
245
0
_a
Colección de ley, resoluciones, decretos y reglamentos.
260
_a
[s.l.],
_c
1978.
999
_c
25573
_d
25573
040
_a
DO-SdBNP